Η Ερμηνεία των Συμβόλων (Record no. 2011)
[ view plain ]
| 000 -LEADER | |
|---|---|
| fixed length control field | 01055cam a22001934a 4500 |
| 005 - ΗΜΕΡΟΜΗΝΙΑ ΚΑΙ ΩΡΑ ΤΕΛΕΥΤΑΙΑΣ ΕΝΗΜΕΡΩΣΗΣ | |
| Πεδίο ελέγχου | 20250605164028.0 |
| 008 - FIXED-LENGTH DATA ELEMENTS--GENERAL INFORMATION | |
| Πεδίο ελέγχου σταθερού μήκους | 250528s ||||||||||||||||||||||||d |
| 035 ## - SYSTEM CONTROL NUMBER | |
| System control number | 16517 |
| 040 ## - ΠΗΓΗ ΚΑΤΑΛΟΓΟΓΡΑΦΗΣΗΣ | |
| Φορέας πρωτότυπης καταλογογράφησης | MC Athens Campus Library |
| Γλώσσα καταλογογράφησης | Ελληνικά, Μοντέρνα (1453-) |
| Modifying agency | MC Athens Campus Library |
| Κανόνες περιγραφικής καταλογογράφησης | AACR2 |
| 245 1# - ΤΙΤΛΟΣ ΚΑΙ ΔΗΛΩΣΗ ΥΠΕΥΘΥΝΟΤΗΤΑΣ | |
| Τίτλος | Η Ερμηνεία των Συμβόλων |
| 250 ## - EDITION STATEMENT | |
| Edition statement | 1η |
| 300 ## - PHYSICAL DESCRIPTION | |
| Extent | 112 |
| 520 ## - SUMMARY, ETC. | |
| Summary, etc. | Το βιβλίο αυτό περιέχει 493 ταξινομημενα εικονογραφημενα επιλεγμένα και επεξηγημένα σύμβολα. Γενικά Σύμβολα, Ο Σταυρός, Το Μονόγραμμα του Χριστού, Άλλα Χριστιανικά Σύμβολα, Το Μονόγραμμα, Τεκτονικά Σύμβολα, Αστρολογικά Σύμβολα, Βοτανικά Σύμβολα, Χημικά Σύμβολα, Οικόσημα & Σήματα Ιδιοκτησίας, Σήματα από Διάφορες Πηγές, Runes. |
| 700 1# - ΠΡΟΣΘΕΤΗ ΑΝΑΓΡΑΦΗ--ΦΥΣΙΚΟ ΠΡΟΣΩΠΟ | |
| Personal name | Koch R |
| 9 (RLIN) | 2616 |
| 700 1# - ΠΡΟΣΘΕΤΗ ΑΝΑΓΡΑΦΗ--ΦΥΣΙΚΟ ΠΡΟΣΩΠΟ | |
| Personal name | Γρηγ. Φούντας |
| 9 (RLIN) | 2617 |
| 942 ## - ADDED ENTRY ELEMENTS (KOHA) | |
| Koha item type | Books |
| Τύπος τεκμηρίου | Βιβλιοθήκη | Τρέχουσα τοποθεσία | Barcode | Αριθμός εισαγωγής | Ημερομηνία απόκτησης | Ταξιθετικό σύμβολο | Αριθμός αντιτύπου | Κατάσταση απόσυρσης | Κατάσταση χαμένου | Κατάσταση κατεστραμμένου | Μη δανεισμός | Σύνολο δανεισμών | Ημερομηνία τελευταίας εμφάνισης | Η τιμή ισχύει από |
|---|---|---|---|---|---|---|---|---|---|---|---|---|---|---|
| Books | MC Athens Campus Library | MC Athens Campus Library | 9780000020109 | 4222 | 05/06/2025 | 704.946 KOC | 1 | 05/06/2025 | 05/06/2025 |